000 00550nmm a2200169Ia 4500
008 251105s9999||||xx |||||||||||||||||und||
020 _a8479087226
041 _aspa
100 _aGarcía Martinez, J., Pérez Pariente, J.
245 0 _aMateriales zeolíticos: síntesis, propiedades y aplicaciones
264 _a[Madrid, España] :
_bPublicaciones de la Universidad de Alicante,
_c2003
300 _a212 páginas
490 _aCiencias
650 _aGeography (General)
856 _uhttps://public.digitaliapublishing.com/a/735
942 _cCF
999 _c73599
_d73599